| 000 | 00343nam a22001577a 4500 | ||
|---|---|---|---|
| 003 | OSt | ||
| 005 | 20250228135753.0 | ||
| 007 | 147 pages | ||
| 008 | 250228b |||||||| |||| 00| 0 eng d | ||
| 020 | _a9788129124913 | ||
| 040 | _c | ||
| 082 |
_a922 _bABD |
||
| 245 |
_aMy Journey _cAbdul Kalam |
||
| 260 |
_bRupa _c2024 |
||
| 942 |
_2ddc _cBK _n0 |
||
| 999 |
_c36170 _d36170 |
||